The Challenges of Indian management (Record no. 826)

MARC details
000 -LEADER
Fixed length control field 00463nam a2200169 4500
003 - CONTROL NUMBER IDENTIFIER
Control field SEACOMMC
005 - DATE AND TIME OF LATEST TRANSACTION
Control field 20250426115159.0
008 - FIXED-LENGTH DATA ELEMENTS--GENERAL INFORMATION
Fixed length control field 241205b |||||||| |||| 00| 0 eng d
020 ## - INTERNATIONAL STANDARD BOOK NUMBER / ISBN
International Standard Book Number 978-07-6193-551-3
Price Rs.425.00
040 ## - CATALOGING SOURCE
Original cataloging agency SEACOMMC
082 ## - DEWEY DECIMAL CLASSIFICATION NUMBER
Classification number 658.009 54
Book Number V 819
100 ## - MAIN ENTRY--PERSONAL NAME
Personal name Virmani, B R
245 1# - TITLE STATEMENT
Title The Challenges of Indian management
Statement of responsibility B R Virmani
260 ## - IMPRINT
Place of publication New Delhi
Name of publisher Response Books
Date of publication 2007
650 ## - SUBJECT ADDED ENTRY--TOPICAL TERM
Topical term Management - India
942 ## - ADDED ENTRY ELEMENTS (KOHA)
Koha item type Books
Holdings
Withdrawn status Lost status Source of classification Damaged status Not for loan Home library Current library Shelving location Date acquired Total Checkouts Call number Accession number Date last seen Price effective from Koha item type Copy number
    Dewey Decimal Classification     SEACOM MANAGEMENT COLLEGE SEACOM MANAGEMENT COLLEGE Reference 29/12/2007   658.009 54 V 819 M-1099 05/12/2024 05/12/2024 Books  
    Dewey Decimal Classification     SEACOM MANAGEMENT COLLEGE SEACOM MANAGEMENT COLLEGE   29/12/2007   658.009 54 V 819 M-1100 05/12/2024 05/12/2024 Books 1
© Seacom Engineering College, All rights reserved.    Powered by Koha